000 00750cab a2200265 4500
001 X2036
008 090401t1995 xxu||||| |||| 00| 0 eng d
035 _a(Sirsi) u21353
041 _aeng
100 _aPurdue, M.
245 _aWhen a regulation of land becomes a taking of land - a look at two recent decisions of the United States Supreme Court
260 _c1995
350 _a0
490 _aJournal of Planning and Environment Law
_vApril 1995, 279-291(13)
650 _aCOMPENSATION
650 _aLUCAS DECISION
650 _aPENNSYLVANIA COAL CO V MAHON
650 _aTAKING OF LAND
650 _aUNITED STATES
650 _aUSA
690 _aLAND
690 _aOVERSEAS-NORTH AMERICA
942 _n0
948 _c04/03/1997
999 _c14338
_d14338